000 00376nam a2200109Ia 4500
008 171204s9999 xx 000 0 und d
245 _aMarathon Running: Physiology, Psychology, Nutrition and Training Aspects
245 _cBilly Sperlich and Christoph Zinner
260 _c2016
650 _xPHYSIOLOGICAL PSYCHOLOGY
856 _uhttp://down.ebook777.com/038/9783319297262.pdf
999 _c346480
_d346480